000 00728nam a2200265 4500
001
003 DO-SdBNP
005 20250205092257.0
008 140604s2004 sp 000 0 spa d d
040 _aBPMSU
_bspa
_cBPMSU
082 _aR923
_bP967H 2004
_222
100 1 _aHeers, Jacques
_d1924-
245 1 0 _aProtagonistas de la historia /
_cJacques Heers
246 1 3 _aMarco Polo
260 _aBarcelona :
_bBiblioteca ABC,
_c2004
300 _av. ;
_c23 cm.
490 0 _aProtagonistas de la historia
_v6
500 _a Incluye índice
590 _6Inventariado,2022/VM
600 1 4 _aPolo, Marco,
_d1254-1324
650 4 _aPersonajes
_vBiografías
740 _aMarco Polo
910 _aVMateo V
942 _2ddc
_cBK
999 _c14193
_d14193